<?xml version="1.0" encoding="UTF-8"?>
<record
    xmlns:xsi="http://www.w3.org/2001/XMLSchema-instance"
    xsi:schemaLocation="http://www.loc.gov/MARC21/slim http://www.loc.gov/standards/marcxml/schema/MARC21slim.xsd"
    xmlns="http://www.loc.gov/MARC21/slim">

  <leader>01022nam a2200289 i 4500</leader>
  <controlfield tag="003">DO-SdBNP</controlfield>
  <controlfield tag="005">20240701110049.0</controlfield>
  <controlfield tag="006">a||||fr|||| 00| 0</controlfield>
  <controlfield tag="007">ta</controlfield>
  <controlfield tag="008">240628t2004    mx aobc| |||| 00| 0 spa d</controlfield>
  <datafield tag="040" ind1=" " ind2=" ">
    <subfield code="a">DO-SdBNP</subfield>
    <subfield code="b">spa</subfield>
    <subfield code="c">BNPHU</subfield>
    <subfield code="e">rda</subfield>
  </datafield>
  <datafield tag="082" ind1=" " ind2="4">
    <subfield code="2">22</subfield>
    <subfield code="b">H557M</subfield>
  </datafield>
  <datafield tag="100" ind1="1" ind2=" ">
    <subfield code="a">Miralles Ostos, Juan </subfield>
    <subfield code="e">autor</subfield>
    <subfield code="9">85897</subfield>
  </datafield>
  <datafield tag="245" ind1="1" ind2="0">
    <subfield code="a">Hern&#xE1;n Cort&#xE9;s:</subfield>
    <subfield code="b">inventor de M&#xE9;xico /</subfield>
    <subfield code="c">Juan Miralles; pr&#xF3;logo de Fernando R. Lafuente.</subfield>
  </datafield>
  <datafield tag="264" ind1=" " ind2="4">
    <subfield code="a">[M&#xE9;xico, D. F.] :</subfield>
    <subfield code="b">Ediciones Folio,</subfield>
    <subfield code="c">&#xA9;2004</subfield>
  </datafield>
  <datafield tag="300" ind1=" " ind2=" ">
    <subfield code="a">volumen :</subfield>
    <subfield code="b">ilustraciones, fotograf&#xED;as, mapas, retratos ;</subfield>
    <subfield code="c">21 cm.</subfield>
  </datafield>
  <datafield tag="336" ind1="1" ind2="0">
    <subfield code="2">rdacontent</subfield>
    <subfield code="a">texto</subfield>
    <subfield code="b">txt</subfield>
  </datafield>
  <datafield tag="337" ind1=" " ind2=" ">
    <subfield code="2">rdamedia</subfield>
    <subfield code="a">sin mediaci&#xF3;n</subfield>
    <subfield code="b">n</subfield>
  </datafield>
  <datafield tag="338" ind1=" " ind2=" ">
    <subfield code="2">rdacarrier</subfield>
    <subfield code="a">volumen</subfield>
    <subfield code="b">nc</subfield>
  </datafield>
  <datafield tag="490" ind1=" " ind2=" ">
    <subfield code="a">H. Protagonistas de la Histora ;</subfield>
    <subfield code="v">11</subfield>
  </datafield>
  <datafield tag="500" ind1=" " ind2=" ">
    <subfield code="a">Incluye datos biogr&#xE1;ficos</subfield>
  </datafield>
  <datafield tag="590" ind1=" " ind2=" ">
    <subfield code="a">Inventariado 2024 / MF</subfield>
  </datafield>
  <datafield tag="600" ind1="1" ind2="4">
    <subfield code="a">Cort&#xE9;s, Hern&#xE1;n,</subfield>
    <subfield code="d">1485-1547</subfield>
    <subfield code="9">66280</subfield>
    <subfield code="x">Biograf&#xED;a</subfield>
    <subfield code="z">Espa&#xF1;a</subfield>
  </datafield>
  <datafield tag="700" ind1="1" ind2=" ">
    <subfield code="a">Lafuente, Fernando R.</subfield>
    <subfield code="9">70752</subfield>
    <subfield code="e">pr&#xF3;logo</subfield>
  </datafield>
  <datafield tag="830" ind1=" " ind2=" ">
    <subfield code="n">Biblioteca ABC</subfield>
    <subfield code="9">85898</subfield>
  </datafield>
  <datafield tag="942" ind1=" " ind2=" ">
    <subfield code="2">ddc</subfield>
    <subfield code="c">LBS1</subfield>
  </datafield>
  <datafield tag="952" ind1=" " ind2=" ">
    <subfield code="0">0</subfield>
    <subfield code="1">0</subfield>
    <subfield code="2">ddc</subfield>
    <subfield code="5">1</subfield>
    <subfield code="7">0</subfield>
    <subfield code="8">PD</subfield>
    <subfield code="a">BNPHU</subfield>
    <subfield code="b">BNPHU</subfield>
    <subfield code="c">CT</subfield>
    <subfield code="d">2008-06-28</subfield>
    <subfield code="e">Donado por Pedro Altares</subfield>
    <subfield code="l">0</subfield>
    <subfield code="o">H557M</subfield>
    <subfield code="p">2024-3919</subfield>
    <subfield code="r">2024-06-28</subfield>
    <subfield code="t">v.1</subfield>
    <subfield code="w">2024-06-28</subfield>
    <subfield code="y">LBS1</subfield>
  </datafield>
  <datafield tag="952" ind1=" " ind2=" ">
    <subfield code="0">0</subfield>
    <subfield code="1">0</subfield>
    <subfield code="2">ddc</subfield>
    <subfield code="5">1</subfield>
    <subfield code="7">0</subfield>
    <subfield code="8">PD</subfield>
    <subfield code="a">BNPHU</subfield>
    <subfield code="b">BNPHU</subfield>
    <subfield code="c">CT</subfield>
    <subfield code="d">2008-06-28</subfield>
    <subfield code="e">Donado por Pedro Altares</subfield>
    <subfield code="l">0</subfield>
    <subfield code="o">H557M</subfield>
    <subfield code="p">2024-3920</subfield>
    <subfield code="r">2024-06-28</subfield>
    <subfield code="t">v.1, e.2</subfield>
    <subfield code="w">2024-06-28</subfield>
    <subfield code="y">LBS1</subfield>
  </datafield>
  <datafield tag="952" ind1=" " ind2=" ">
    <subfield code="0">0</subfield>
    <subfield code="1">0</subfield>
    <subfield code="2">ddc</subfield>
    <subfield code="5">1</subfield>
    <subfield code="7">0</subfield>
    <subfield code="8">PD</subfield>
    <subfield code="a">BNPHU</subfield>
    <subfield code="b">BNPHU</subfield>
    <subfield code="c">CT</subfield>
    <subfield code="d">2008-06-28</subfield>
    <subfield code="e">Donado por Pedro Altares</subfield>
    <subfield code="l">0</subfield>
    <subfield code="o">H557M</subfield>
    <subfield code="p">2024-3921</subfield>
    <subfield code="r">2024-06-28</subfield>
    <subfield code="t">v.2</subfield>
    <subfield code="w">2024-06-28</subfield>
    <subfield code="y">LBS1</subfield>
  </datafield>
  <datafield tag="952" ind1=" " ind2=" ">
    <subfield code="0">0</subfield>
    <subfield code="1">0</subfield>
    <subfield code="2">ddc</subfield>
    <subfield code="5">1</subfield>
    <subfield code="7">0</subfield>
    <subfield code="8">PD</subfield>
    <subfield code="a">BNPHU</subfield>
    <subfield code="b">BNPHU</subfield>
    <subfield code="c">CT</subfield>
    <subfield code="d">2008-06-28</subfield>
    <subfield code="e">Donado por Fundi 2012</subfield>
    <subfield code="l">0</subfield>
    <subfield code="o">H557M</subfield>
    <subfield code="p">2024-3922</subfield>
    <subfield code="r">2024-06-28</subfield>
    <subfield code="t">v.2, e.2</subfield>
    <subfield code="w">2024-06-28</subfield>
    <subfield code="y">LBS1</subfield>
  </datafield>
  <datafield tag="952" ind1=" " ind2=" ">
    <subfield code="0">0</subfield>
    <subfield code="1">0</subfield>
    <subfield code="2">ddc</subfield>
    <subfield code="5">1</subfield>
    <subfield code="7">0</subfield>
    <subfield code="8">PD</subfield>
    <subfield code="a">BNPHU</subfield>
    <subfield code="b">BNPHU</subfield>
    <subfield code="c">CT</subfield>
    <subfield code="d">2008-06-28</subfield>
    <subfield code="e">Donado por Pedro Altares</subfield>
    <subfield code="l">0</subfield>
    <subfield code="o">H557M</subfield>
    <subfield code="p">2024-3923</subfield>
    <subfield code="r">2024-06-28</subfield>
    <subfield code="t">v.2, e.3</subfield>
    <subfield code="w">2024-06-28</subfield>
    <subfield code="y">LBS1</subfield>
  </datafield>
  <datafield tag="999" ind1=" " ind2=" ">
    <subfield code="c">57078</subfield>
    <subfield code="d">57078</subfield>
  </datafield>
</record>
